Dialogue sur la vieillesse
Αποθηκεύτηκε σε:
| Κύριος συγγραφέας: | |
|---|---|
| Μορφή: | Βιβλίο |
| Γλώσσα: | French |
| Δημοσίευση: |
Paris :
Hachette,
1863
|
| Σειρά: | Les Auteurs Latins
|
| Θέματα: | |
| Ετικέτες: |
Προσθήκη ετικέτας
Δεν υπάρχουν, Καταχωρήστε ετικέτα πρώτοι!
|
MARC
| LEADER | 00000cam a2200000 i 4500 | ||
|---|---|---|---|
| 001 | 1/68441 | ||
| 008 | 150306s1863 fre d | ||
| 035 | |l 10121356 | ||
| 040 | |a GR-MY-UA |b gre |e aacr | ||
| 041 | 0 | |a fre | |
| 082 | 0 | |a 875.01 |2 (23) | |
| 100 | 1 | |a Cicero, Marcus Tullius. | |
| 245 | 1 | 0 | |a Dialogue sur la vieillesse / |c Ciceron |
| 260 | |a Paris : |b Hachette, |c 1863 | ||
| 300 | |a με ποικίλη σελιδαρίθμηση; |c 18 εκ. | ||
| 490 | 1 | |a Les Auteurs Latins | |
| 500 | |a Στο verso ετικέτα "Τη Πορφυριάδι των Καρλοβασίων Σχολή, Κωνσταντίνος Κ. Νικολάου". Στο recto σφραγίδα "Πορφυριάς Αστική Σχολή Καρλοβασίων" με αρ. 417. | ||
| 600 | 1 | 0 | |a Cicero, Marcus Tullius. |
| 650 | 0 | 0 | |a Speeches, addresses, etc., Latin. |
| 650 | 0 | 0 | |a Oratory, Ancient. |
| 830 | 0 | |a Les Auteurs Latins | |
| 852 | |a INST |b SAMOS |c PORFYRIADA |e 20150306 |h 875.01 CIC |p 005300041913 |q 005300041913 |t NOLOAN |y 23 | ||
| 901 | |a BIBL3-2015-1 | ||
| 909 | |a Σ |b 191945 | ||
| 970 | |a ΣΙΤΖΙΜΗ |b ΓΙΑΣΕΜΗ |z 2015/03/06 | ||